Statistics for N - Things that start with the letter 'N'

Click here to take the quiz!

General Stats

  • This quiz has been taken 454 times
  • The average score is 12 of 20

Answer Stats

HintAnswer% Correct
Commonly called HollandNetherlands
95%
Italian city traditionally accredited as the home of pizzaNaples
85%
'The __________' a Christmas ballet composed by TchaikovskyNutcracker
83%
Canadian singer with the surname 'Furtado'Nelly
80%
Roman God of freshwater and the seaNeptune
75%
A variety of peach that has a smooth skinNectarine
73%
Author of the 'Principia' where he writes about the three laws of motionNewton
71%
Slang term for a novice or newcomerNewbie
69%
The country from which the British Army recruit the GhurkasNepal
68%
Favouritism in business or politics granted to relativesNepotism
65%
1066 was the start of this conquest in EnglandNorman
64%
The admiral famous for his exploits at the Battle of TrafalgarNelson
62%
Covert agent or mercenary in feudal JapanNinja
56%
A fictional place featured in the works of J.M. BarrieNeverland
53%
Capital of CyprusNicosia
50%
A shape of nine edges and nine verticesNonagon
50%
Mailman and antagonist of SeinfeldNewman
36%
Acronym for people who are against building development because it is close to their locationNIMBY
29%
Ethnic group originally from Southern Egypt and Northern SudanNubians
15%
'The _____' is the central plot element in the film, 'Star Trek Generations'Nexus
7%

Score Distribution

Percentile by Number Answered

Percent of People with Each Score

Your Score History

You have not taken this quiz